[Event "C.to Provinciale RM"]
[Site "Roma ITA"]
[Date "1997.??.??"]
[Round "4"]
[White "Simeoni, Matteo"]
[Black "Drago, Valentino"]
[Result "1-0"]
[WhiteElo "1830"]
[BlackElo "1624"]
[PlyCount "93"]
[EventDate "1997.??.??"]

1. e4 c5 2. Nf3 e6 3. d4 cxd4 4. Nxd4 a6 5. c4 Qc7 6. Nc3 Nc6 7. Nc2 g6 8. Be2
Bg7 9. O-O Nf6 10. c5 Qe5 11. f4 Qxc5+ 12. Be3 Qa5 13. Qe1 O-O 14. Qf2 Qd8 15.
Bc5 d6 16. Rad1 Ne8 17. Bxd6 Nxd6 18. e5 Nxe5 19. Qc5 Nc6 20. Rxd6 Qa5 21. Rxc6
Qxc5+ 22. Rxc5 Rd8 23. Rd1 Rxd1+ 24. Bxd1 Bd7 25. Bf3 Be8 26. Kf1 Rd8 27. Ke1
f5 28. Rc7 e5 29. fxe5 Bxe5 30. Rxb7 Bxh2 31. Ne3 Bf7 32. Bd5 Bxd5 33. Nexd5 h5
34. Nf6+ Kf8 35. Ncd5 Rc8 36. Nd7+ Ke8 37. N7f6+ Kf8 38. Nh7+ Kg8 39. Ne7+ Kxh7
40. Nxc8+ Kh6 41. Ne7 g5 42. Nxf5+ Kg6 43. Ne3 h4 44. Rb6+ Kf7 45. Rxa6 Bf4 46.
Kf2 g4 47. Nxg4 1-0

[Event "C.to Provinciale RM"]
[Site "Roma ITA"]
[Date "1997.??.??"]
[Round "4"]
[White "Vignato, Giovanni"]
[Black "Pierangeli, Andrea"]
[Result "1-0"]
[WhiteElo "2150"]
[BlackElo "1783"]
[PlyCount "49"]
[EventDate "1997.??.??"]

1. c4 Nf6 2. Nc3 c6 3. e4 e5 4. Nf3 d6 5. d4 Qc7 6. Be2 Bg4 7. O-O Nbd7 8. dxe5
dxe5 9. Nh4 Be6 10. f4 exf4 11. Bxf4 Ne5 12. Kh1 Nfd7 13. Nd5 Qd8 14. Nf3 f6
15. Nd4 Bf7 16. Ne3 Bc5 17. b4 Bxd4 18. Qxd4 O-O 19. Rad1 Bg6 20. c5 Qe7 21.
Nc4 Rfd8 22. Nd6 Nf8 23. Bxe5 fxe5 24. Qc4+ Qe6 25. Rxf8+ 1-0

[Event "C.to Provinciale RM"]
[Site "Roma ITA"]
[Date "1997.??.??"]
[Round "5"]
[White "De Vita, Igor"]
[Black "Scacco, Mauro"]
[Result "1-0"]
[WhiteElo "2115"]
[BlackElo "2045"]
[PlyCount "98"]
[EventDate "1997.??.??"]

1. e4 e5 2. Nf3 Nc6 3. d4 exd4 4. Nxd4 Bc5 5. Be3 Qf6 6. c3 Nge7 7. Bc4 O-O 8.
O-O Ne5 9. Be2 Qg6 10. Nd2 d5 11. Bh5 Qf6 12. f4 Qh6 13. Qe2 N5c6 14. Bf3 Bxd4
15. cxd4 dxe4 16. Bxe4 Nf5 17. Qf2 Nce7 18. Nc4 Be6 19. Ne5 f6 20. Nd3 Bd5 21.
Bf3 Rfe8 22. Rfe1 c6 23. Nb4 Bxf3 24. Qxf3 a5 25. Nd3 Nd5 26. Bf2 Qg6 27. Nc5
b6 28. Ne4 Rad8 29. Nc3 Nb4 30. Rxe8+ Rxe8 31. d5 Nc2 32. Rc1 Nfd4 33. Bxd4
Nxd4 34. Qf2 c5 35. Kh1 b5 36. Re1 b4 37. Na4 c4 38. Rxe8+ Qxe8 39. Qxd4 Qxa4
40. d6 Qd7 41. Qxc4+ Kf8 42. Qd5 g6 43. h3 Kg7 44. a3 bxa3 45. bxa3 a4 46. Kh2
Kf8 47. Kg3 Kg7 48. Kf3 Kf8 49. Ke4 Qe8+ 1-0

[Event "C.to Provinciale RM"]
[Site "Roma ITA"]
[Date "1997.??.??"]
[Round "5"]
[White "Farina, Saverio"]
[Black "Corvi, Marco"]
[Result "0-1"]
[WhiteElo "2195"]
[BlackElo "2260"]
[PlyCount "102"]
[EventDate "1997.??.??"]

1. d4 f5 2. c4 Nf6 3. Nc3 g6 4. h4 Bg7 5. h5 d5 6. hxg6 hxg6 7. Rxh8+ Bxh8 8.
Bg5 Ne4 9. Nf3 c6 10. Qc2 Nxg5 11. Nxg5 e5 12. Nf3 exd4 13. Nb1 Be6 14. Nbd2
dxc4 15. Nxc4 Qd5 16. e3 c5 17. Na5 c4 18. Nxc4 Nc6 19. Rd1 Rd8 20. a3 Bf6 21.
Bd3 Kf7 22. b4 b5 23. Nb2 dxe3 24. fxe3 Ne5 25. Be2 Nxf3+ 26. gxf3 Qe5 27. Rxd8
Bxd8 28. Nd1 a6 29. f4 Qd5 30. Qd3 Bh4+ 31. Kd2 Qa2+ 32. Kc1 Bd5 33. Qc2 Qxa3+
34. Qb2 Qxb2+ 35. Nxb2 Be4 36. Nd3 Be7 37. Kb2 Bxd3 38. Bxd3 Bxb4 39. e4 fxe4
40. Bxe4 Bd6 41. f5 g5 42. Bb7 a5 43. Ba6 b4 44. Kb3 Kf6 45. Bd3 Ke5 46. Ka4
Bc7 47. Kb3 g4 48. Kc4 g3 49. Bf1 Kxf5 50. Bg2 Kf4 51. Kd4 a4 0-1

[Event "C.to Provinciale RM"]
[Site "Roma ITA"]
[Date "1997.??.??"]
[Round "5"]
[White "Gardon, Ermanno"]
[Black "Piancatelli, Marco"]
[Result "1/2-1/2"]
[WhiteElo "1722"]
[BlackElo "1825"]
[PlyCount "131"]
[EventDate "1997.??.??"]

1. e4 c6 2. d4 d5 3. e5 Bf5 4. Nf3 e6 5. a3 Ne7 6. Nbd2 h6 7. Be2 Nd7 8. Nb3
Qc7 9. O-O c5 10. dxc5 Nxc5 11. Nbd4 a6 12. Nxf5 Nxf5 13. b4 Na4 14. Bd3 Nc3
15. Qe1 Ne7 16. Bd2 Na4 17. Qe3 Nc6 18. c4 dxc4 19. Bxc4 b5 20. Bd3 Be7 21.
Rac1 Rc8 22. Nd4 Qd7 23. Nxb5 O-O 24. Qe4 f5 25. exf6 Rxf6 26. Nc3 Nb6 27. Rfd1
e5 28. Qh7+ Kf7 29. Bg5 Nd4 30. Bxf6 Bxf6 31. Qg6+ Ke7 32. Bxa6 Rxc3 33. Rxc3
Nf3+ 34. Rxf3 Qxd1+ 35. Bf1 Nc4 36. Qd3 Nd2 37. Re3 Kf8 38. Qe2 Qc1 39. Qe1 Qb2
40. Re2 Bg5 41. h4 Bf4 42. Qd1 Qd4 43. Kh1 Qd5 44. Rxd2 Bxd2 45. Bc4 Qd4 46.
Qf3+ Ke7 47. Qf7+ Kd6 48. Qe6+ Kc7 49. Qe7+ Kb6 50. Qe6+ Kc7 51. b5 Qd6 52.
Qxd6+ Kxd6 53. Kh2 Kc5 54. Be2 Be1 55. Kg1 e4 56. a4 Kb4 57. Bd1 Bc3 58. Kf1
Bf6 59. g3 Bd4 60. Ke2 Bb6 61. Bc2 Bc5 62. Bxe4 Kxa4 63. Bc6 Kb4 64. Kd3 Bxf2
65. h5 Bxg3 66. Kd4 1/2-1/2

[Event "C.to Provinciale RM"]
[Site "Roma ITA"]
[Date "1997.??.??"]
[Round "5"]
[White "Giangregorio, Pasquale"]
[Black "Iatrino, Vincenzo"]
[Result "0-1"]
[WhiteElo "1839"]
[BlackElo "1767"]
[PlyCount "117"]
[EventDate "1997.??.??"]

1. c4 f5 2. Nc3 Nf6 3. g3 e6 4. Bg2 d5 5. cxd5 exd5 6. d4 c6 7. Nf3 Bd6 8. Bg5
h6 9. Bxf6 Qxf6 10. e3 Be6 11. Qb3 b6 12. Rc1 O-O 13. Qd1 Nd7 14. O-O g5 15.
Ne2 c5 16. b3 Qf7 17. Ne1 Nf6 18. Nd3 Rac8 19. Ne5 Bxe5 20. dxe5 Ng4 21. Nc3
Rcd8 22. Bf3 Nxe5 23. Bh5 Qg7 24. f4 Nc6 25. Bf3 Qf7 26. Ne2 g4 27. Bg2 h5 28.
Qe1 Nb4 29. Qd2 Nc6 30. Rfd1 Rd7 31. Qc3 Qe7 32. Qe1 Qf6 33. Rd2 Ne7 34. Rcd1
Rfd8 35. Qf2 Ng6 36. Nc1 h4 37. Nd3 d4 38. e4 hxg3 39. hxg3 Rh7 40. Qe2 Qh8 41.
Nf2 Rg7 42. exf5 Bxf5 43. Nxg4 Re7 44. Qf3 Be4 45. Qf1 Bxg2 46. Kxg2 Rh7 47.
Qc4+ Kf8 48. Qe6 Ne7 49. Nf6 Rh6 50. Nd7+ Ke8 51. Rh1 Rxh1 52. Nf6+ Kf8 53. Kf3
Rh6 54. Re2 Qxf6 55. Qc4 Qc6+ 56. Kf2 Rh2+ 57. Ke1 Qh1+ 58. Kd2 Rxe2+ 59. Qxe2
0-1

[Event "C.to Provinciale RM"]
[Site "Roma ITA"]
[Date "1997.??.??"]
[Round "5"]
[White "Marzano, Carlo"]
[Black "Chiaretti, Roberto"]
[Result "1-0"]
[WhiteElo "2160"]
[BlackElo "2150"]
[PlyCount "51"]
[EventDate "1997.??.??"]

1. d4 e6 2. Nf3 d5 3. Bf4 Bd6 4. e3 Nf6 5. Nbd2 Bxf4 6. exf4 b6 7. c3 O-O 8.
Bd3 Ba6 9. Bxa6 Nxa6 10. Qe2 Qc8 11. O-O c5 12. Rfe1 Qb7 13. Rad1 Rfc8 14. Nf1
b5 15. Ng3 g6 16. Qe5 Kg7 17. Nh5+ gxh5 18. Qg5+ Kf8 19. Qxf6 Ke8 20. f5 Qe7
21. Qh8+ Kd7 22. Qxh7 Rh8 23. Ne5+ Kc7 24. Qxf7 Rh7 25. Qxe7+ Rxe7 26. Ng6 1-0

[Event "C.to Provinciale RM"]
[Site "Roma ITA"]
[Date "1997.??.??"]
[Round "5"]
[White "Occhipinti, Massimo"]
[Black "Colesanti, Ugo Maria"]
[Result "1-0"]
[WhiteElo "1749"]
[BlackElo "1552"]
[PlyCount "71"]
[EventDate "1997.??.??"]

1. Nf3 c5 2. g3 Nc6 3. Bg2 g6 4. O-O Bg7 5. d3 e6 6. e4 Nge7 7. Nbd2 O-O 8. c3
d6 9. Nh4 b5 10. f4 Ba6 11. a3 b4 12. Qc2 Qb6 13. Kh1 Rab8 14. axb4 cxb4 15. f5
exf5 16. exf5 Nxf5 17. Nxf5 gxf5 18. Nc4 Bxc4 19. dxc4 bxc3 20. bxc3 Ne7 21.
Ba3 Rbc8 22. Qd3 Rfd8 23. Bb4 Qc7 24. Ba5 Qd7 25. Bxd8 Rxd8 26. Rad1 Qc7 27.
Rde1 Be5 28. Rb1 Qa5 29. Rb7 Kf8 30. g4 Bxc3 31. gxf5 Be5 32. f6 Ng6 33. Bd5
Qa2 34. Rxf7+ Ke8 35. Rxh7 Nf8 36. Re7# 1-0

[Event "C.to Provinciale RM"]
[Site "Roma ITA"]
[Date "1997.??.??"]
[Round "5"]
[White "Palombi, Roberto"]
[Black "Russi, Roberto"]
[Result "0-1"]
[WhiteElo "2055"]
[BlackElo "1690"]
[PlyCount "30"]
[EventDate "1997.??.??"]

1. d4 g6 2. Nf3 Bg7 3. e4 d6 4. Bc4 Nf6 5. Qe2 O-O 6. O-O c6 7. Bb3 Nbd7 8. e5
dxe5 9. dxe5 Nd5 10. c4 Nc7 11. Nc3 Ne6 12. Bd2 Qc7 13. Rfe1 Rd8 14. Rac1 Nxe5
15. Be3 Ng4 0-1

[Event "C.to Provinciale RM"]
[Site "Roma ITA"]
[Date "1997.??.??"]
[Round "5"]
[White "Piccioni, Marco"]
[Black "Coscia, Alberto"]
[Result "0-1"]
[WhiteElo "1651"]
[BlackElo "1658"]
[PlyCount "46"]
[EventDate "1997.??.??"]

1. e4 e5 2. Nf3 Nc6 3. Bc4 Nf6 4. Ng5 d5 5. exd5 Na5 6. Bb5+ c6 7. dxc6 bxc6 8.
Be2 h6 9. Nf3 e4 10. Ne5 Bd6 11. d4 exd3 12. Nxd3 O-O 13. O-O Qc7 14. g3 Bh3
15. Re1 Rad8 16. Bf1 Bg4 17. Be2 Bf5 18. b3 Be5 19. Bf4 Bxf4 20. gxf4 c5 21.
Qc1 Nc6 22. Nc3 Nd4 23. Rd1 Ne4 0-1

[Event "C.to Provinciale RM"]
[Site "Roma ITA"]
[Date "1997.??.??"]
[Round "5"]
[White "Quimi, Marco"]
[Black "Scagliarini, Bruno"]
[Result "1/2-1/2"]
[WhiteElo "2240"]
[BlackElo "1974"]
[PlyCount "151"]
[EventDate "1997.??.??"]

1. e4 e6 2. d4 d5 3. Nc3 Bb4 4. e5 c5 5. a3 Bxc3+ 6. bxc3 Ne7 7. h4 Nbc6 8. a4
Qa5 9. Bd2 Bd7 10. Nf3 O-O-O 11. Bb5 a6 12. c4 Qc7 13. cxd5 exd5 14. Bxc6 Nxc6
15. c3 f6 16. Bf4 Rde8 17. O-O Bg4 18. Bg3 Qf7 19. exf6 Qxf6 20. Re1 c4 21. Qb1
Bxf3 22. Qb6 Qd8 23. Qxd8+ Kxd8 24. gxf3 Rxe1+ 25. Rxe1 Re8 26. Rb1 Na5 27. Rb6
Re7 28. h5 Kc8 29. Rd6 Rd7 30. Re6 Nc6 31. Bh4 Rf7 32. Re8+ Kd7 33. Rg8 b5 34.
axb5 axb5 35. Kf1 b4 36. cxb4 Nxd4 37. Rd8+ Kc6 38. Bg3 Nf5 39. Be5 d4 40. Bxd4
Nxd4 41. Rxd4 Kb5 42. Rd8 Kxb4 43. Ke2 Kc3 44. Ra8 Re7+ 45. Kd1 Rd7+ 46. Kc1
Kd3 47. Re8 Kd4 48. Kc2 Rf7 49. Rd8+ Ke5 50. Re8+ Kf4 51. Re3 Ra7 52. Kd2 Ra2+
53. Ke1 Kg5 54. Re7 Kf6 55. Rc7 Rc2 56. f4 c3 57. Kf1 Rc1+ 58. Kg2 c2 59. Kf3
Ke6 60. Ke2 Rh1 61. Rxc2 Rxh5 62. Kf3 Ra5 63. Rc6+ Kf7 64. Kg4 h5+ 65. Kh4 g6
66. Rc7+ Kf6 67. Rc8 Rb5 68. Rf8+ Kg7 69. Rd8 Kh6 70. Re8 Rf5 71. Kg3 Ra5 72.
Re5 Ra3+ 73. f3 h4+ 74. Kg4 h3 75. Re8 Ra1 76. Re5 1/2-1/2

[Event "C.to Provinciale RM"]
[Site "Roma ITA"]
[Date "1997.??.??"]
[Round "5"]
[White "Scagliarini, Valentina"]
[Black "Bellincampi, Stefano"]
[Result "0-1"]
[WhiteElo "1642"]
[BlackElo "2070"]
[PlyCount "129"]
[EventDate "1997.??.??"]

1. e4 c6 2. d4 d5 3. exd5 cxd5 4. Nf3 Nf6 5. c3 Nc6 6. Bg5 Qb6 7. Qc2 Bg4 8.
Nbd2 e6 9. Bd3 Be7 10. O-O Bh5 11. Qb3 Qc7 12. Bh4 O-O 13. Bg3 Qc8 14. Rae1 Bg6
15. Bxg6 hxg6 16. Ne5 Nxe5 17. Bxe5 Rd8 18. Re2 a6 19. Rfe1 b5 20. a3 Qb7 21.
f4 Rdc8 22. h3 Nd7 23. f5 gxf5 24. Nf3 a5 25. g4 f4 26. Bxf4 Ra7 27. g5 Nf8 28.
Ne5 b4 29. axb4 axb4 30. Qc2 bxc3 31. bxc3 Ra3 32. Bd2 Qa6 33. Rf2 Bxg5 34.
Bxg5 Rcxc3 35. Qd1 Rg3+ 36. Rg2 f6 37. Bxf6 gxf6 38. Ng4 Qd3 39. Nxf6+ Kf7 40.
Qxd3 Raxd3 41. Rf1 Rxg2+ 42. Kxg2 Rxd4 43. Nd7+ Ke7 44. Nxf8 e5 45. Ng6+ Ke6
46. h4 Rg4+ 47. Kf3 Rxg6 48. Ra1 Kf5 49. Ra8 e4+ 50. Ke3 Rg3+ 51. Ke2 d4 52.
Rf8+ Kg4 53. Rg8+ Kxh4 54. Rh8+ Kg4 55. Rg8+ Kh3 56. Rh8+ Kg2 57. Rh4 d3+ 58.
Kd2 Kf3 59. Rh8 Rg2+ 60. Kd1 e3 61. Rf8+ Kg3 62. Rg8+ Kf2 63. Rf8+ Kg1 64. Rf3
Rd2+ 65. Ke1 0-1

[Event "C.to Provinciale RM"]
[Site "Roma ITA"]
[Date "1997.??.??"]
[Round "5"]
[White "Tamburini, Massimiliano"]
[Black "Rossi De Gasperis, Pietro"]
[Result "0-1"]
[WhiteElo "1549"]
[BlackElo "1800"]
[PlyCount "70"]
[EventDate "1997.??.??"]

1. d4 Nf6 2. Bf4 e6 3. Nf3 b6 4. e3 Be7 5. c3 Bb7 6. Nbd2 O-O 7. Bd3 d5 8. Qc2
Nbd7 9. h4 c5 10. O-O-O c4 11. Be2 b5 12. Bg5 a5 13. Bxf6 Nxf6 14. h5 b4 15.
Ne5 bxc3 16. Qxc3 Bb4 17. Qc2 Rc8 18. Kb1 Bxd2 19. Rxd2 Ne4 20. Rdd1 Nxf2 21.
Rdf1 Nxh1 22. Rxh1 Bc6 23. Qc3 Qb6 24. g4 f6 25. h6 fxe5 26. hxg7 Rf2 27. Qc2
e4 28. Rf1 Rxf1+ 29. Bxf1 Kxg7 30. Qh2 Qc7 31. Qh5 Be8 32. Qg5+ Bg6 33. Bh3 Rf8
34. Qh4 Rf3 35. g5 Qf7 0-1

[Event "C.to Provinciale RM"]
[Site "Roma ITA"]
[Date "1997.??.??"]
[Round "5"]
[White "Tinari, Marco"]
[Black "Satta, Vladimiro"]
[Result "0-1"]
[WhiteElo "1857"]
[BlackElo "2230"]
[PlyCount "106"]
[EventDate "1997.??.??"]

1. c4 c5 2. g3 g6 3. Bg2 Bg7 4. Nc3 Nc6 5. e3 e6 6. Nge2 Nge7 7. O-O O-O 8. d4
cxd4 9. exd4 d5 10. cxd5 Nxd5 11. Qb3 Re8 12. Rd1 Na5 13. Qc2 Nb4 14. Qe4 Bd7
15. Qf4 Bc6 16. Bxc6 Naxc6 17. a3 Nc2 18. Rb1 N2xd4 19. Nxd4 Bxd4 20. Be3 e5
21. Qe4 f5 22. Qg2 Qd7 23. Nd5 Qf7 24. b4 Red8 25. Bxd4 Qxd5 26. Qxd5+ Rxd5 27.
Bc5 Rad8 28. Re1 e4 29. Be3 Ne5 30. Rec1 a6 31. Rc7 Rd1+ 32. Rxd1 Rxd1+ 33. Kg2
Rd7 34. Rc5 Nd3 35. Rc3 Kf7 36. Kf1 Ke6 37. Ke2 Ne5 38. Bf4 Nf3 39. h4 Nd4+ 40.
Kf1 Nb5 41. Re3 Rd1+ 42. Kg2 Ra1 43. Re2 Rxa3 44. Rc2 Rc3 45. Rd2 Rd3 46. Rc2
Nc3 47. Bd2 Nd5 48. Bg5 Nxb4 49. Rc7 Rd7 50. Rc8 b5 51. Re8+ Kd5 52. Bf4 Nc6
53. h5 b4 0-1

[Event "C.to Provinciale RM"]
[Site "Roma ITA"]
[Date "1997.??.??"]
[Round "5"]
[White "Tosoni, Augusto"]
[Black "Abuhamdieh, Arafat"]
[Result "1-0"]
[WhiteElo "2116"]
[BlackElo "1294"]
[PlyCount "120"]
[EventDate "1997.??.??"]

1. e4 e5 2. f4 d6 3. Nf3 Nc6 4. Bc4 Nf6 5. d3 g6 6. fxe5 dxe5 7. O-O Bc5+ 8.
Kh1 h6 9. Qe1 g5 10. Be3 Bxe3 11. Qxe3 Ng4 12. Qd2 Rf8 13. Nc3 a6 14. h3 Nf6
15. Nxg5 hxg5 16. Qxg5 Nh7 17. Qh6 Ng5 18. Nd5 Ne6 19. Nf6+ Ke7 20. Qh4 Kd6 21.
d4 exd4 22. Rf5 Ne7 23. Qg3+ Kc6 24. Rf3 Rh8 25. Ng4 Qd6 26. Qf2 Kb6 27. Rd1
Ka7 28. Rxf7 c5 29. Rf6 Bd7 30. e5 Qc6 31. Kg1 Raf8 32. Bxe6 Rxf6 33. Qxf6 Qxe6
34. Qxh8 Bc6 35. Qf6 Qd5 36. Rd2 Nc8 37. c3 Qe4 38. Qf2 Qb1+ 39. Kh2 dxc3 40.
Qxc5+ Nb6 41. Qxc3 Qe4 42. Qe3 Qf5 43. Rd6 Qc2 44. Rxc6 Qxc6 45. e6 Qd6+ 46.
Qe5 Qe7 47. Ne3 Nc8 48. Nf5 Qg5 49. Qe3+ Qxe3 50. Nxe3 Ne7 51. Kg3 Kb6 52. Kf4
Kc6 53. Ke5 Ng6+ 54. Kf6 Nf4 55. e7 Kd7 56. Kf7 Ng6 57. e8=B+ Kc7 58. Kxg6 Kd8
59. Ba4 b5 60. Bc2 Ke7 1-0

[Event "C.to Provinciale RM"]
[Site "Roma ITA"]
[Date "1997.??.??"]
[Round "5"]
[White "Vannelli, Vittorio"]
[Black "Simeoni, Matteo"]
[Result "0-1"]
[WhiteElo "1636"]
[BlackElo "1830"]
[PlyCount "98"]
[EventDate "1997.??.??"]

1. e4 c5 2. Nf3 d6 3. d4 cxd4 4. Qxd4 a6 5. Bg5 Nc6 6. Qd2 Nf6 7. Nc3 e6 8. Rd1
Be7 9. Bxf6 gxf6 10. Nd4 Bd7 11. Nxc6 Bxc6 12. Bc4 Qc7 13. Qd4 Rg8 14. O-O f5
15. f3 f4 16. Rfe1 b5 17. Bf1 Rd8 18. a4 e5 19. Nd5 Bxd5 20. Qxd5 Bh4 21. Re2
bxa4 22. Ra1 Qc5+ 23. Kh1 Qxd5 24. exd5 Ra8 25. Re4 Bd8 26. Rexa4 a5 27. b4 f5
28. bxa5 Rg7 29. Bb5+ Kf8 30. Bc6 Rb8 31. a6 Ra7 32. Bb7 Bb6 33. Rb1 Bc5 34. g3
fxg3 35. hxg3 Kg7 36. Kg2 Kg6 37. Ra5 Kf7 38. Rh1 Kg6 39. Rb5 h6 40. Rhb1 Re8
41. Bc6 Ree7 42. Rb7 Kf6 43. Rxe7 Rxe7 44. Bb7 e4 45. Ra1 Ba7 46. f4 e3 47. Re1
h5 48. Kf3 Re4 49. Bc8 Rc4 0-1

[Event "C.to Provinciale RM"]
[Site "Roma ITA"]
[Date "1997.??.??"]
[Round "6"]
[White "Bellincampi, Stefano"]
[Black "Quimi, Marco"]
[Result "0-1"]
[WhiteElo "2070"]
[BlackElo "2240"]
[PlyCount "46"]
[EventDate "1997.??.??"]

1. e4 c5 2. Nf3 d6 3. Bb5+ Nd7 4. d4 cxd4 5. Qxd4 Ngf6 6. Nc3 g6 7. e5 dxe5 8.
Nxe5 Bg7 9. Nxd7 Bxd7 10. Bxd7+ Qxd7 11. Qxd7+ Nxd7 12. Bd2 O-O 13. O-O-O Nb6
14. Rhe1 e6 15. Ne4 Nd5 16. Kb1 Rfc8 17. Re2 Rc6 18. Bc1 Rac8 19. Ng5 Nc3+ 20.
bxc3 Rb6+ 21. Bb2 Bxc3 22. Rd7 Rxb2+ 23. Kc1 Rxa2 0-1

[Event "C.to Provinciale RM"]
[Site "Roma ITA"]
[Date "1997.??.??"]
[Round "6"]
[White "Colesanti, Ugo Maria"]
[Black "Abuhamdieh, Arafat"]
[Result "0-1"]
[WhiteElo "1552"]
[BlackElo "1294"]
[PlyCount "91"]
[EventDate "1997.??.??"]

1. d4 d5 2. Nf3 Nf6 3. e3 e6 4. Bd3 Bd6 5. O-O O-O 6. Nbd2 c5 7. c3 c4 8. Bc2
Nc6 9. e4 dxe4 10. Nxe4 Nxe4 11. Bxe4 Qc7 12. h3 f5 13. Bc2 Ne7 14. Re1 Nd5 15.
Ng5 Rf6 16. Qh5 h6 17. Nf3 Bd7 18. Ne5 Be8 19. Qe2 g5 20. Nxc4 Bf4 21. Ne5 Qg7
22. Bxf4 Nxf4 23. Qe3 h5 24. Nd3 Nd5 25. Qf3 g4 26. hxg4 hxg4 27. Qe2 Rh6 28.
Qe5 Qh7 29. Kf1 Bc6 30. Ke2 Re8 31. Kd2 Rh2 32. Qg3 Qh6+ 33. f4 Nf6 34. Kd1
Rxg2 35. Qe3 Bf3+ 36. Kc1 Ne4 37. Ne5 Qh2 38. Nxf3 Rxc2+ 39. Kd1 gxf3 40. Rg1+
Kf7 41. Rf1 Rxb2 42. a4 Qc2+ 43. Ke1 f2+ 44. Rxf2 Nxf2 45. Kf1 Ng4 46. Qf3 0-1

[Event "C.to Provinciale RM"]
[Site "Roma ITA"]
[Date "1997.??.??"]
[Round "6"]
[White "Corvi, Marco"]
[Black "De Vita, Igor"]
[Result "1/2-1/2"]
[WhiteElo "2260"]
[BlackElo "2115"]
[PlyCount "23"]
[EventDate "1997.??.??"]

1. e4 Nf6 2. Nc3 d5 3. e5 Ne4 4. Nce2 d4 5. d3 Nc5 6. Nf3 Nc6 7. b4 Ne6 8. Bb2
Qd5 9. c4 dxc3 10. Nxc3 Qd8 11. Qa4 Ned4 12. Ne4 1/2-1/2

[Event "C.to Provinciale RM"]
[Site "Roma ITA"]
[Date "1997.??.??"]
[Round "6"]
[White "Coscia, Alberto"]
[Black "Simeoni, Matteo"]
[Result "1/2-1/2"]
[WhiteElo "1658"]
[BlackElo "1830"]
[PlyCount "91"]
[EventDate "1997.??.??"]

1. e4 c5 2. Nf3 d6 3. d4 cxd4 4. Nxd4 Nf6 5. Nc3 a6 6. Be3 Nbd7 7. Nb3 b5 8. f3
Bb7 9. Be2 e6 10. Qd2 Be7 11. O-O Rc8 12. Bd3 Qc7 13. Qf2 d5 14. Rac1 O-O 15.
exd5 Nxd5 16. Nxd5 Bxd5 17. Nd2 Nc5 18. Be2 Qb8 19. a3 Rfd8 20. Kh1 Nd7 21. Bd3
Ne5 22. Be2 Nc4 23. Nxc4 Bxc4 24. Bxc4 Rxc4 25. c3 Bf6 26. Rfd1 Rc6 27. Qf1
Rcd6 28. f4 e5 29. g3 e4 30. Kg1 Rd3 31. Qe2 Qd6 32. Re1 Qd5 33. Rc2 g6 34. Qf2
Bg7 35. Ree2 Qh5 36. Kg2 Qd5 37. Rcd2 Bf8 38. Kg1 Qh5 39. Rxd3 exd3 40. Rd2 Bg7
41. Kg2 Qd5+ 42. Qf3 Qd7 43. Qe4 f5 44. Qf3 Bf6 45. Kf2 Kf7 46. h4 1/2-1/2

[Event "C.to Provinciale RM"]
[Site "Roma ITA"]
[Date "1997.??.??"]
[Round "6"]
[White "De Carolis, Maurizio"]
[Black "Tosoni, Augusto"]
[Result "1-0"]
[WhiteElo "1702"]
[BlackElo "2116"]
[PlyCount "106"]
[EventDate "1997.??.??"]

1. d4 Nf6 2. Nf3 g6 3. e3 Bg7 4. Bd3 O-O 5. O-O d6 6. b3 Nbd7 7. Bb2 Re8 8.
Nbd2 e5 9. Ng5 b6 10. Qf3 Rb8 11. c4 Qe7 12. Nge4 Nxe4 13. Bxe4 exd4 14. Bxd4
Ne5 15. Qd1 f5 16. Bd5+ Be6 17. Bxe6+ Qxe6 18. Nf3 Rbd8 19. Ng5 Qe7 20. Nh3 c5
21. Bc3 b5 22. Qd5+ Kh8 23. Rac1 b4 24. Ba1 Rd7 25. Nf4 a5 26. Rcd1 Bf6 27. Nd3
Red8 28. Rd2 Ng4 29. Nf4 Bxa1 30. Rxa1 Nf6 31. Qc6 Ne4 32. Rd3 Qe5 33. Rad1 g5
34. Rd5 Qf6 35. Ne2 Qb2 36. Kf1 Nc3 37. R5d2 Qa3 38. Nxc3 bxc3 39. Rc2 a4 40.
Qxa4 Qb4 41. Qc6 Kg7 42. Qd5 Kf6 43. Qd3 Qb7 44. Qxc3+ Kg6 45. Rd5 Rf7 46. Qd3
Rf6 47. Rd2 Qa7 48. g4 Qb7 49. Kg1 h6 50. Rxf5 Rdf8 51. Rxf6+ Kxf6 52. Qxd6+
Kg7 53. Qd7+ Rf7 1-0

[Event "C.to Provinciale RM"]
[Site "Roma ITA"]
[Date "1997.??.??"]
[Round "6"]
[White "Gardon, Ermanno"]
[Black "Occhipinti, Massimo"]
[Result "1-0"]
[WhiteElo "1722"]
[BlackElo "1749"]
[PlyCount "93"]
[EventDate "1997.??.??"]

1. e4 c5 2. Nf3 d6 3. d4 cxd4 4. Nxd4 Nf6 5. Nc3 a6 6. f4 e6 7. Bd3 Qb6 8. Nb3
Nbd7 9. Qe2 Be7 10. Be3 Qc7 11. a4 b6 12. O-O Bb7 13. Nd2 Nc5 14. Kh1 O-O 15.
Bd4 e5 16. Be3 Rfe8 17. f5 d5 18. exd5 Nxd3 19. cxd3 Nxd5 20. Nxd5 Bxd5 21. Ne4
Bxe4 22. dxe4 Qc6 23. Qg4 b5 24. Rac1 Qf6 25. axb5 axb5 26. Qe2 Qh4 27. Bf2 Qh6
28. Qxb5 Bg5 29. Rc6 g6 30. Qd5 Rad8 31. Qc4 Rf8 32. Bg1 Bf4 33. Qb3 Qh5 34.
fxg6 hxg6 35. g3 Rb8 36. Qf3 Qxf3+ 37. Rxf3 Bh6 38. b3 Rb5 39. Rc7 f5 40. exf5
gxf5 41. Bc5 Rf7 42. Rxf7 Kxf7 43. Rxf5+ Ke6 44. Rh5 Rxc5 45. Rxh6+ Kf5 46. Rh4
e4 47. Rh5+ 1-0

[Event "C.to Provinciale RM"]
[Site "Roma ITA"]
[Date "1997.??.??"]
[Round "6"]
[White "Iatrino, Vincenzo"]
[Black "Chiaretti, Roberto"]
[Result "0-1"]
[WhiteElo "1767"]
[BlackElo "2150"]
[PlyCount "100"]
[EventDate "1997.??.??"]

1. e4 e6 2. d4 d5 3. Nc3 Bb4 4. e5 c5 5. a3 Bxc3+ 6. bxc3 Ne7 7. Qg4 O-O 8. Nf3
Nbc6 9. Bd3 f5 10. exf6 Rxf6 11. Qh5 h6 12. O-O c4 13. Be2 Bd7 14. Bd2 Qc7 15.
Rfe1 Raf8 16. Bf1 Be8 17. Qh3 Qd6 18. Re2 Bg6 19. Bc1 Bf5 20. Qg3 Qxg3 21. hxg3
Bg4 22. Bf4 Ng6 23. Bd2 Nh8 24. Rb1 b6 25. Rbe1 g5 26. Re3 Ng6 27. Bc1 Bf5 28.
R3e2 Kf7 29. a4 Nge7 30. Rd2 Rd8 31. Ba3 Ke8 32. Ne5 Nxe5 33. Rxe5 Kd7 34. Be2
Nc8 35. g4 Bg6 36. Bf3 Nd6 37. Rde2 Rb8 38. Kf1 a5 39. Bxd6 Kxd6 40. Ke1 b5 41.
axb5 Rxb5 42. Kd2 a4 43. Re1 Rb2 44. Rc1 a3 45. Ree1 Rf8 46. Rh1 a2 47. Ra1
Rxc2+ 48. Ke3 Rxc3+ 49. Ke2 Bd3+ 50. Kd2 Rc2+ 0-1

[Event "C.to Provinciale RM"]
[Site "Roma ITA"]
[Date "1997.??.??"]
[Round "6"]
[White "Piancatelli, Marco"]
[Black "Tinari, Marco"]
[Result "1/2-1/2"]
[WhiteElo "1825"]
[BlackElo "1857"]
[PlyCount "64"]
[EventDate "1997.??.??"]

1. e4 d6 2. d4 Nf6 3. Nc3 g6 4. f4 Bg7 5. Nf3 O-O 6. Be2 b6 7. O-O Bb7 8. d5 c6
9. dxc6 Nxc6 10. Kh1 Qc8 11. Be3 Na5 12. Qd3 Rd8 13. Rad1 Nc6 14. a3 Nd7 15.
Nd4 Nc5 16. Qd2 Nxd4 17. Bxd4 e5 18. Bxc5 dxc5 19. Qxd8+ Qxd8 20. Rxd8+ Rxd8
21. fxe5 Bxe5 22. Bc4 Bxc3 23. bxc3 Bxe4 24. Rxf7 Kh8 25. h4 Rd1+ 26. Kh2 Rd2
27. Rf8+ Kg7 28. Rf7+ Kh6 29. Re7 Bxc2 30. Bg8 g5 31. hxg5+ Kxg5 32. Rxa7 h6
1/2-1/2

[Event "C.to Provinciale RM"]
[Site "Roma ITA"]
[Date "1997.??.??"]
[Round "6"]
[White "Pierangeli, Andrea"]
[Black "Marta, Daniele"]
[Result "0-1"]
[WhiteElo "1783"]
[BlackElo "1816"]
[PlyCount "84"]
[EventDate "1997.??.??"]

1. e4 e6 2. d4 d5 3. e5 c5 4. c3 Nc6 5. Nf3 Bd7 6. a3 c4 7. Be3 Nge7 8. Be2 Nf5
9. O-O Qb6 10. Qc1 Na5 11. Nbd2 Ba4 12. g4 Ne7 13. Kg2 Nec6 14. Bd1 Bxd1 15.
Rxd1 Be7 16. Qc2 h6 17. Rab1 Qc7 18. h4 Kd7 19. Qa4 a6 20. Qc2 b5 21. Rh1 Nb7
22. Kf1 a5 23. h5 b4 24. axb4 axb4 25. b3 bxc3 26. Qxc3 Bb4 27. Qc2 c3 28. Nc4
dxc4 29. bxc4 Be7 30. Qxc3 Ra3 31. Qb2 Nca5 32. c5 Rb3 33. Qc2 Rxb1+ 34. Qxb1
Qc6 35. Kg2 Nc4 36. Kg3 Nba5 37. Rc1 Kc7 38. Qd3 Qd5 39. Qc2 Rb8 40. Qh7 Bf8
41. g5 hxg5 42. Bxg5 Rb3 0-1

[Event "C.to Provinciale RM"]
[Site "Roma ITA"]
[Date "1997.??.??"]
[Round "6"]
[White "Rossi De Gasperis, Pietro"]
[Black "Palombi, Roberto"]
[Result "1/2-1/2"]
[WhiteElo "1800"]
[BlackElo "2055"]
[PlyCount "62"]
[EventDate "1997.??.??"]

1. e4 e6 2. b3 d5 3. Bb2 dxe4 4. Nc3 Nf6 5. g4 h6 6. Bg2 Be7 7. h4 c6 8. Qe2
Qa5 9. Nh3 Na6 10. a3 Bd7 11. b4 Qc7 12. g5 hxg5 13. hxg5 Nh5 14. Nxe4 O-O-O
15. O-O-O e5 16. Bf3 g6 17. Nf6 Bxf6 18. gxf6 Bxh3 19. Bxe5 Rde8 20. Bxc7 Rxe2
21. Rxh3 Ree8 22. Bh2 Nc7 23. Bg4+ Kd8 24. c4 Nxf6 25. Rd3+ Ncd5 26. Bg3 Nxg4
27. cxd5 Kc8 28. dxc6 bxc6 29. Rc3 Kb7 30. d4 Nf6 31. Be5 Nd5 1/2-1/2